Immunohistochemical characterization of selected breast lesions

Elmentve itt :
Bibliográfiai részletek
Szerző: Kővári Bence Péter
További közreműködők: Cserni Gábor (Témavezető)
Dokumentumtípus: Disszertáció
Megjelent: 2016-05-30
Tárgyszavak:
doi:10.14232/phd.2991

mtmt:3105113
Online Access:http://doktori.ek.szte.hu/2991
LEADER 01083nta a2200229 i 4500
001 dokt2991
005 20200505091204.0
008 160524s2016 hu om 0|| eng d
024 7 |a 10.14232/phd.2991  |2 doi 
024 7 |a 3105113  |2 mtmt 
040 |a SZTE Doktori Repozitórium  |b hun 
041 |a eng 
100 1 |a Kővári Bence Péter 
245 1 0 |a Immunohistochemical characterization of selected breast lesions   |h [elektronikus dokumentum] /  |c  Kővári Bence Péter 
246 1 0 |a Válogatott emlőelváltozások immunhisztokémiai jellemzése  |h [elektronikus dokumentum] 
260 |c 2016-05-30 
502 |a Disszertacio 
650 4 |a klinikai orvostudományok 
700 1 |a Cserni Gábor  |e ths 
856 4 0 |u https://doktori.bibl.u-szeged.hu/id/eprint/2991/1/Thesis%20Bence%20K%C5%91v%C3%A1ri.pdf  |z Dokumentum-elérés  
856 4 0 |u https://doktori.bibl.u-szeged.hu/id/eprint/2991/2/Thesis%20short%20ENG%20Bence%20K%C5%91v%C3%A1ri.pdf  |z Dokumentum-elérés  
856 4 0 |u https://doktori.bibl.u-szeged.hu/id/eprint/2991/3/Thesis%20short%20HUN%20Bence%20K%C5%91v%C3%A1ri.pdf  |z Dokumentum-elérés